[Event "ARG-ch sf 98th"]
[Site "Buenos Aires"]
[Date "2023.05.06"]
[Round "8"]
[White "Lavergne, Guillermo"]
[Black "Gimenez, Jonathan"]
[Result "0-1"]
[WhiteElo "1481"]
[BlackElo "1210"]
[PlyCount "105"]
[EventDate "2023.04.29"]
[EventType "swiss"]
[EventRounds "9"]
[EventCountry "ARG"]
[SourceTitle "CBM 214 Extra"]
[Source "ChessBase"]
[SourceDate "2023.07.31"]
[SourceVersion "1"]
[SourceVersionDate "2023.07.31"]
[SourceQuality "1"]

1. d4 d5 2. Nf3 e6 3. Bg5 Be7 4. h4 Bxg5 5. hxg5 h6 6. Nbd2 f6 7. e4 fxg5 8. Ne5 Nf6 9. Bd3 Nc6 10. Ng6 Rg8 11. e5 Ne4 12. Qh5 Qd7 13. c3 Nxd2 14. Kxd2 Qf7 15. Raf1 Bd7 16. f4 g4 17. Qxg4 0-0-0 18. f5 exf5 19. Bxf5 Bxf5 20. Rxf5 Qd7 21. Re1 Qe6 22. Nf4 h5 23. Qh3 Qd7 24. e6 Qd6 25. Ng6 Ne7 26. Rxd5 Nxd5 27. e7+ Kb8 28. exd8Q+ Rxd8 29. Qxh5 Nf4 30. Nxf4 Qxf4+ 31. Kc2 a6 32. Re7 g5 33. Qf3 Rf8 34. Re3 Qd6 35. Qe2 Qg6+ 36. Kc1 Qf7 37. g4 Qxa2 38. Re8+ Rxe8 39. Qxe8+ Ka7 40. Qe5 Qf7 41. d5 Qf1+ 42. Kc2 Qg2+ 43. Kb3 Qxg4 44. Qxc7 Qd1+ 45. Kc4 Qe2+ 46. Kd4 Qxb2 47. d6 Qd2+ 48. Ke5 g4 49. Qc5+ Ka8 50. Qc8+ Ka7 51. Qxg4 Qxc3+ 52. Qd4+ Qxd4+ 53. Kxd4 0-1